000 00410nam a2200145Ia 4500
008 230917s9999||||xx |||||||||||||| ||und||
040 _e163999
_aMAIN
041 _aEnglish
082 _a891.431731 JS199S
100 _aजैदी शैलेश
245 0 _aसूरज एक सलीब
260 _aअलीगढ़
_bग्रन्थायन
_c1989
300 _a200पृ. p.
942 _cHN
999 _c228056
_d228056